Game Studios By 3 Viideo Games Quiz - Statistics

General Stats
  • This quiz has been taken 20 times
  • The average score is 6 of 7
Answer Stats
Games owned by them Company % Correct
Call of Duty Modern Warfare, Call of Duty Black Ops, Call of Duty WW2 Activision
100%
Red Dead Redemption, Grand Theft Auto, LA Noir Rockstar
100%
FIFA, Madden NFL, Battlefield Electronic Arts
94%
Mario Kart, Legend of Zelda, Super Smash Bros Nintendo
94%
Fallout, Skyrim, Doom Bethesda
89%
Fortnite, Rocket League, Fall Guys Epic Games
83%
Hearts of Iron, European Universals, City Skylines Paradox
44%
No matching quizzes found
Score Distribution
Percent of People with Each Score
Percentile by Number Answered
Your Score History
You have not taken this quiz